LEADER 01078nam a2200241 u 4500 001 000000058651 003 CaOOAMICUS 005 20070226120721.0 008 010611s1972 vc u000 u lat u 035 $a10892093 040 $aPUL(R)$bita 245 00$aSchema canonum de procedura administrativa. 260 $a[Civitas Vaticana] :$bTypis polyglottis vaticanis,$c1972. 300 $a15 p. ;$c27 cm 500 $aIn testa al front.: "Pontificia Commissio Codici Iuris Canonici Recognoscendo". 500 $aSul front.: "(Reservatum)". 650 4$aDiritto canonico.$0(OLS)http://pul/subject/1294 710 2 $aPontificia Commissio Codici Iuris Canonici Recognoscendo.$0(OLS)http://pul/name/2849 850 $aPUL 852 $aPUL$W1$xSL Diritto Canonico 3$y77$m262. 99 CAN.2 1.5$j76599$nBK-PRI$b $qDDC 21$B76599$CPULBib$Z2$F76599 $H60312 $82 941 1 $a9 996 $6245$aSchema canonum de procedura administrativa$9(OLS)http://pul/title/78573 996 $6260$a[Civitas Vaticana] :$bTypis polyglottis vaticanis$9(OLS)http://pul/publisher/69675 LEADER 01134nam a2200229 i 4500 001 000000109998 003 CaOOAMICUS 005 20080221135854.0 008 080221s1906 it 000 b ita c 040 $aPUG$bita$dPUL$dLDB 100 1 $aPiccinelli, Ferdinando.$0(OLS)http://pul/name/32402 245 13$aIl Capitalista nelle borse e nel commercio dei valori pubblici :$bguida finanziaria per le borse-banche-industrie-società per azioni e valori pubblici /$cdel dott. Ferdinando Piccinelli. 260 $aMilano :$bU. Hoepli,$c1906. 300 $ali, 1172 p. ;$c16 cm. 490 1 $aManuali Hoepli 650 14$aFinanza.$0(OLS)http://pul/subject/18020 830 0$aManuali Hoepli.$0(OLS)http://pul/title/5902 850 $aPUL 852 $aPUL$W1$xDP1 Cons. Gen., Altre Classi 1$y22$m843 F 15$j125972$qStampati$B124700$CPULBib$Z2$F124700 $82 941 1 $a8 996 $6245$aIl Capitalista nelle borse e nel commercio dei valori pubblici :$bguida finanziaria per le borse-banche-industrie-società per azioni e valori pubblici$9(OLS)http://pul/title/138304 996 $6260$aMilano :$bU. Hoepli$9(OLS)http://pul/publisher/48973 LEADER 01160nam a2200265 a 4500 001 000000175118 003 CaOOAMICUS 005 20220421160051.0 008 220420s2022 it rm 000 0 ita r 032 $aLibriCat 040 $aPUL$bita 100 1 $aTarquini, Nicolò.$0(OLS)http://pul/name/112592 245 13$aLa discussione in ambito cattolico con Emanuele Severino sulla metafisica /$cNicolò Tarquini . 260 $aRomae :$b[s.n.],$c2022. 300 $a124 p.;$c24 cm 502 $aEstratto da Tesi di Dottorato in Filosofia--Pontificia Universitas Lateranensis, 2022. 504 $aBibliografia: p. [111]-121. 650 4$aMetafisica$ySec. XX.$0(OLS)http://pul/subject/8481 710 2 $aPontificia Università Lateranense$bFacoltà di filosofia$kTesi.$0(OLS)http://pul/name/81773 850 $aPUL 852 $aPUL$W1$xDP1 Tesi Pon Univ. Lateranense$y41$m2022 A 2$j136431$qTesi$B204085$CPULBib$Z2$F204085 $82 941 1 $a16 996 $6245$aLa discussione in ambito cattolico con Emanuele Severino sulla metafisica$9(OLS)http://pul/title/216531 996 $6260$aRomae :$b[s.n.]$9(OLS)http://pul/publisher/48223